| Tag |
First Indicator |
Second Indicator |
Subfields |
| LEADER |
00000cam a2200000La 4500 |
| 001 |
in00002281621 |
| 005 |
20190326194140.0 |
| 006 |
m | d | |
| 007 |
cr |n||||||||n |
| 008 |
880707s1562 xx s 000 0 ita d |
| 040 |
|
|
|a GKS
|c GKS
|d OCL
|d Thomson Gale
|d UtOrBLW
|
| 100 |
1 |
|
|a Pagnini, Guglielmo.
|
| 245 |
1 |
0 |
|a Pratica mercantile moderna /
|c di Guglielmo Pagnini ...
|
| 264 |
|
1 |
|a In Lucca :
|b Per il Busdragho,
|c 1562.
|
| 300 |
|
|
|a 164 pages, 4 unnumbered pages ;
|c 22 cm.
|
| 336 |
|
|
|a text
|b txt
|2 rdacontent
|
| 337 |
|
|
|a computer
|b c
|2 rdamedia
|
| 338 |
|
|
|a online resource
|b cr
|2 rdacarrier
|
| 500 |
|
|
|a Reproduction of original from Columbia University.
|
| 500 |
|
|
|a Goldsmiths'-Kress number 00080.2.
|
| 510 |
4 |
|
|a OCLC,
|c 20884401
|
| 533 |
|
|
|a Electronic reproduction.
|b Farmington Hills, Mich. :
|c Thomson Gale,
|d 2005.
|f (The making of the modern world).
|n Available via the World Wide Web.
|n Access limited to licensing agreements.
|7 s2005 miunns
|
| 500 |
|
|
|a Electronic resource.
|
| 650 |
|
0 |
|a Business mathematics
|v Early works to 1800.
|
| 655 |
|
0 |
|a Electronic books.
|
| 830 |
|
0 |
|a Making of the modern world (Goldsmiths'-Kress Library of Economic Literature)
|
| 856 |
4 |
0 |
|u http://proxy.library.tamu.edu/login?url=http://galenet.galegroup.com/servlet/MOME?af=RN&ae=U110670957&srchtp=a&ste=14&locID=txshracd2898
|z Connect to the full text of this electronic book
|t 0
|
| 999 |
|
|
|a MARS
|
| 999 |
f |
f |
|s f62e9e01-e0ab-3bca-81f4-46720fe4c341
|i 2336737a-5b87-358b-90c5-33c29c6842db
|t 0
|
| 952 |
f |
f |
|a Texas A&M University
|b College Station
|c Electronic Resources
|d Available Online
|t 0
|h No information provided
|
| 998 |
f |
f |
|t 0
|l Available Online
|